000 00615nam a2200145Ia 4500
005 20260209120146.0
008 260209s9999||||xx |||||||||||||| ||und||
100 _aAnamika
245 0 _a‘right ‘to’ and ‘of’ environment vis-à-vis human rights’
260 _aBangaloreBangalore
_bNLSIU, Bangalore
_c2022
300 _a56 p. ; 25 cm.
505 _aClimate Change Ecological Imbalance Environmental Jurisprudence - India Environmental Laws - Comparative Analysis
700 _aProf. Dr. Sairam Bhat - SupervisorProf. Dr. Sairam Bhat - Supervisor
856 _uhttps://dans.nls.ac.in/handle/123456789/1173
999 _c217570
_d217570